00456cam a2200181 i 4500001000800000005001700008008004100025010001700066020001500083040001800098041000800116080001600124082001600140100000700156101000800163245007500171504002800246369960020180123032812.0790809s1980 nyua b 001 0 eng  a 79019850  a0030216664 aDLCcDLCdDLC aeng a686.22 art00a686.22 art1 a39 amed14aThe graphics of communication :cArthur T. Turnbull, Russell N. Baird. aBibliography: p. [379].